00337nam a2200145Ia 45000030006000000080041000060400015000471000017000622450026000792500006001052600043001113000006001545460014001600050017001740STCL150530s9999 xx 000 0 und d aSTCLcSTCL aParur George aAayiram Thalai Vankee a3 bCurrent Book; Thrissurc1986aThrissur a0 aMalayalam20220125170744.0